000 00866nam a22002657a 4500
003 CO-ViMGA
008 160901b xxu||||| |||| 00| 0 eng d
020 _a9789588756639
040 _aCO-ViMGA
_bspa
_cCO-ViMGA
041 _hEsp
082 0 4 _aR570
_bB162
100 1 _aBanes, Graham L
_94886
245 1 0 _aEnciclopedia de la Vida:
_bMinutos, Meses, Milenios ¿Cuanto Dura cada Vida en la Tierra?
246 _aThe Kingfisher Encyclopedia of Life
250 _aPrimera
260 _aBogotá D.C. Colombia
_bMacmillan Childrens Books
_c2012
300 _a160 p
_b: il.; tab.; Color
500 _aIncluye Glosario
500 _aIncluye Índice
650 1 4 _aBiología
_vEnciclopedias
_94888
650 1 4 _aCiencias Naturales
_vEnciclopedias
_94889
650 1 4 _aVida
_vEnciclopedias
_94887
710 _aPanamericana Editorial LTDA
_91967
942 _2ddc
_cREF
999 _c35854
_d35854